<?xml version="1.0" encoding="UTF-8"?>
<record
    xmlns:xsi="http://www.w3.org/2001/XMLSchema-instance"
    xsi:schemaLocation="http://www.loc.gov/MARC21/slim http://www.loc.gov/standards/marcxml/schema/MARC21slim.xsd"
    xmlns="http://www.loc.gov/MARC21/slim">

  <leader>00862nam a22002417a 4500</leader>
  <controlfield tag="003">UA-OsUOA</controlfield>
  <controlfield tag="001"> 48348 </controlfield>
  <controlfield tag="007">ta</controlfield>
  <controlfield tag="008">20130315b un ||||| |||| 00| 0 ukr d</controlfield>
  <datafield tag="090" ind1=" " ind2=" ">
    <subfield code="a">030</subfield>
    <subfield code="b">&#x423;45</subfield>
  </datafield>
  <datafield tag="942" ind1=" " ind2=" ">
    <subfield code="c">BK</subfield>
  </datafield>
  <datafield tag="040" ind1=" " ind2=" ">
    <subfield code="a">UA-OsUOA</subfield>
    <subfield code="b">ukr</subfield>
    <subfield code="c">UA-OsUOA</subfield>
    <subfield code="d">UA-OsUOA</subfield>
  </datafield>
  <datafield tag="245" ind1=" " ind2=" ">
    <subfield code="a">&#x423;&#x43A;&#x440;&#x430;&#x457;&#x43D;&#x430;-&#x434;&#x456;&#x430;&#x441;&#x43F;&#x43E;&#x440;&#x430;: &#x43C;&#x43E;&#x436;&#x43B;&#x438;&#x432;&#x43E;&#x441;&#x442;&#x456; &#x435;&#x43A;&#x43E;&#x43D;&#x43E;&#x43C;&#x456;&#x447;&#x43D;&#x43E;&#x457; &#x441;&#x43F;&#x456;&#x432;&#x43F;&#x440;&#x430;&#x446;&#x456; &#x443; &#x434;&#x432;&#x43E;&#x445; &#x447;&#x430;&#x441;&#x442;&#x438;&#x43D;&#x430;&#x445;</subfield>
    <subfield code="b">&#x422;. 2</subfield>
    <subfield code="c">&#x414;&#x43E;&#x432;&#x456;&#x434;&#x43D;&#x438;&#x43A;</subfield>
  </datafield>
  <datafield tag="300" ind1=" " ind2=" ">
    <subfield code="a">476 &#x441;.</subfield>
  </datafield>
  <datafield tag="955" ind1=" " ind2=" ">
    <subfield code="a">1</subfield>
  </datafield>
  <datafield tag="041" ind1=" " ind2=" ">
    <subfield code="a">ukr</subfield>
  </datafield>
  <datafield tag="080" ind1=" " ind2=" ">
    <subfield code="a">030</subfield>
  </datafield>
  <datafield tag="260" ind1=" " ind2=" ">
    <subfield code="a">&#x41A;.</subfield>
    <subfield code="b">&#x410;&#x43B;&#x44C;&#x442;&#x43F;&#x440;&#x435;&#x441;</subfield>
    <subfield code="c">2004</subfield>
  </datafield>
  <datafield tag="246" ind1="3" ind2="1">
    <subfield code="a">&#x427;&#x430;&#x441;&#x442;&#x438;&#x43D;&#x430; &#x406;</subfield>
    <subfield code="n">&#x415;&#x43A;&#x43E;&#x43D;&#x43E;&#x43C;&#x456;&#x447;&#x43D;&#x456; &#x43C;&#x43E;&#x436;&#x43B;&#x438;&#x432;&#x43E;&#x441;&#x442;&#x456; &#x440;&#x435;&#x433;&#x456;&#x43E;&#x43D;&#x456;&#x432; &#x423;&#x43A;&#x440;&#x430;&#x457;&#x43D;&#x438;</subfield>
  </datafield>
  <datafield tag="650" ind1=" " ind2="7">
    <subfield code="a">030 &#x417;&#x430;&#x433;&#x430;&#x43B;&#x44C;&#x43D;&#x456; &#x434;&#x43E;&#x432;&#x456;&#x434;&#x43A;&#x43E;&#x432;&#x456; &#x43F;&#x440;&#x430;&#x446;&#x456;</subfield>
    <subfield code="2">UDC</subfield>
  </datafield>
  <datafield tag="999" ind1=" " ind2=" ">
    <subfield code="c">428449</subfield>
    <subfield code="d">428449</subfield>
  </datafield>
  <datafield tag="952" ind1=" " ind2=" ">
    <subfield code="0">0</subfield>
    <subfield code="1">0</subfield>
    <subfield code="2">udc</subfield>
    <subfield code="4">0</subfield>
    <subfield code="7">0</subfield>
    <subfield code="a">300</subfield>
    <subfield code="b">300</subfield>
    <subfield code="d">2013-03-15</subfield>
    <subfield code="e">272/2012</subfield>
    <subfield code="g">1.00</subfield>
    <subfield code="i">2134333</subfield>
    <subfield code="l">0</subfield>
    <subfield code="o">030 &#x423;45</subfield>
    <subfield code="p">2134333</subfield>
    <subfield code="r">2019-09-14 00:00:00</subfield>
    <subfield code="w">2013-03-15</subfield>
    <subfield code="y">BK</subfield>
  </datafield>
</record>
